000
00333nam a2200145Ia 4500
100
_a
Gayakwad/Ramakant A
250
_a
3
942
_c
BK
654
_a
Electronics
245
_a
OP-Amps & Linear Intregrated Circuits
260
_b
Prentice Hall of India
_a
New Delhi
_c
1993
300
_a
640
546
_a
ENGLISH
999
_c
20712
_d
20712